01567nam a2200325 i 4500001001000000003000900010005001700019006001900036007000300055008004100058040003000099082001400129100005500143111009500198245010200293264005900395300002700454336002700481337003300508338002800541500007700569500007300646590002700719600008200746942001300828952013400841952013800975952011101113999001701224000028830DO-SdBNP20250307073710.0a||||gr|||| 00| 0 ta110412n19uu dr 000 e spa d aDO-SdBNPbspacBNPHUerda 4222bA445a1 aAlcántara Almánzar, Joséd1946-eautor970181 aConferencia sobre el pensamiento de Pedro Henríquez Ureñan(2:cSanto Domingo )95581410aAspectos sociológicos en la obra de Pedro Henríquez Ureña /cJosé Alcántara Almánzar. aSanto Domingo :bMuseo del Hombre Dominicano,c[198?]. a26 páginas ;c22 cm. 2rdacontentatextobtxt 2rdamediaasin mediaciónbn 2rdacarrieravolumenbnc aCiclo de conferencias sobre el pensamiento de Pedro Henríquez Ureña. aIncluye referencias bibliográficas y nota al pie de las páginas. aInventariado 2024 / MF10aHenríquez Ureña, Pedro,d1884-1946 xCrítica e Interpretación91718 2ddccLF2 00102ddc51708PD-FaBNPHUbBNPHUcCTd1985-02-19eDepósito Legal l0o p28830-10r2020-06-25w2020-06-25yLF2ZNo se presta 00102ddc51708PDaBNPHUbBNPHUcCTd1985-02-19eDepósito Legal l0o p28830-20r2020-06-25te. 2w2020-06-25yLF2ZNo se presta 00102ddc56708DS-FaBNPHUbBNPHUcCTd2023-04-14l0oA445ap2024-0194r2024-01-12te.3w2024-01-12yLF2 c28322d28322